Регионална библиотека "Любен Каравелов" - Русе

Новые открытия советских реставраторов (Запис номер 389176)

MARC детайли
000 -Лидер
Контролно поле с фиксирана дължина nkm a22 a 4500
003 - Код на организацията, давaща контролен номер
Контролно поле BLK
005 - Дата и час на последна редакция
Контролно поле 20200929102341.0
008 - Елементи от данни с фиксирана дължина
fixed length control field 200924b bu ||||| |||| 00| k|bu d
040 ## - Източник на каталожния запис
Идентификатор на билиотеката - собственик на записа BLK
041 ## - Код за език
Код за езика на текст/звукозапис или на отделно заглавие Руски
Код за езика КДБФ Руски
080 ## - УДК
Текстов определител УДК Изобразителни изкуства и художествени занаяти
УДК код - определител по УДК 73/76
УДК - код + определител 73/76
139 ## - Редно поле
Редна дума Новые открытия советских реставраторов
245 ## - Сведения за заглавието
Заглавие Новые открытия советских реставраторов
Подзаглавни данни Живопись. Графика. Скульптура. Прикладное искусство : сборник
257 ## - Страна на издаване
Страна на създаване/издаване СССР
260 ## - Област на издателските данни
9 (RLIN) 211846
Място на издаване, разпространение и проч. Москва
Име на издателя, разпространителя и проч. Сов. художник
Година на издаване 1973
Издателство - префикс ISBN 5-269-
300 ## - Физическа характеристика
Страници 56 с.
Илюстрации и др. с ил.
Размери/Мащаб 21 см
380 ## - Жанр
Жанр Изкуство
500 ## - Общи забележки
Забележка Изд. М-во культуры РСФСР. Гос. центр. худож. науч.-реставрац. мастерская им. акад. И.Э. Грабаря.
650 #7 - Допълнително описание по предмет – тема
9 (RLIN) 156562
Основно описание – тема или топоним Изобразително изкуство - Русия
653 #0 - Ключова дума – ненормативна
9 (RLIN) 401783
Ключова дума снимкови албуми
700 1# - Други автори (авторска отговорност)
Лично име Ямщиков, Савелий Васильевич
Автороска отговорност (Описва отношението между автора и произведението) състав.
9 (RLIN) 145375
852 ## - Местоположение
Форматна сигнатура Цб 301184
Фондова буква Хранилище
999 ## - СИСТЕМНИ КОНТРОЛНИ НОМЕРА
Koha biblionumber 389176
Koha biblioitemnumber 389176
942 ## - АРТИКУЛИ
Вид на библиотечния материал Графични издания
Скрит в OPAC Не
Периодичен библиозапис Да
944 ## - СЪЗДАВАНЕ И РЕДАКЦИЯ на ЗАПИСА
Създаване/Редакция Създаване
Дата на регистрацията/редакция 2020-09-29
Служител, извършил регистрацията/редакцията НР
Наличности
Код за отписване Код за изгубен артикул Източник на класификационната схема Код за повреда Коз за рестрикции Код за отдаване Артикулен № Име на библиотеката - собственик Име на библиотеката, в която се намира в момента Статус (Текущо местоположение) Дата на вписване в системата Местоположение - отдел Цена в лева Инвентарен номер Систематично азбучна сигнатура Баркод Цена в евро Служебен тип на артикула
  Не е изгубен Universal Decimal Classification Не е повреден само за читалня ползва се в читалня 801459 Регионална библиотека "Любен Каравелов" Русе Регионална библиотека "Любен Каравелов" Русе Хранилище 2020-09-29 Основен фонд - ползва се само за читалня 0.75 183147 Цб 301184 120000183147 0.38 Графични издания
Vip Innovations Ltd, Rousse, Bulgaria 2025